| 000 | 00814cam a2200349ua 4500 | ||
|---|---|---|---|
| 020 | _c180.00 | ||
| 041 |
_aeng _h |
||
| 082 |
_a621.815 _bPAN/EL |
||
| 100 | _aPandya, N.C . | ||
| 245 |
_aElements of Machine design / _cN.C.Pandya. _hTextual Documents |
||
| 250 |
_a10 / _b. |
||
| 260 |
_a : _bCharotar book stall , _c1986. |
||
| 300 | _a1126 ; . | ||
| 365 | _a180.00 | ||
| 504 | _a | ||
| 700 | 1 | _aShah, C.S . | |
| 942 | _cBK | ||
| 999 |
_c1323 _d1323 |
||